Ni hao Mr. Pérez. Buenos días Mr.Li: Chile y China: cultura, negocios y confianza en la era global
Сохранить в:
| Главный автор: | |
|---|---|
| Формат: | |
| Язык: | испанский |
| Опубликовано: |
Santiago
Ediciones Universidad Católica de Chile
2014
|
| Редактирование: | 1a. ed |
| Предметы: | |
| Метки: |
Добавить метку
Нет меток, Требуется 1-ая метка записи!
|
MARC
| LEADER | 00000cam a2200000 a 4500 | ||
|---|---|---|---|
| 001 | UCE6951 | ||
| 003 | CL-VaPUC | ||
| 008 | 150514e20140000cl |||||||||||||||||spa|d | ||
| 020 | |a 9789561414952 | ||
| 082 | 0 | 4 | |a 327.51083 |b LAB |2 21 |
| 100 | 0 | |a Labarca, Claudia |e author |9 579662 | |
| 245 | 1 | 0 | |a Ni hao Mr. Pérez. Buenos días Mr.Li: Chile y China: cultura, negocios y confianza en la era global |
| 250 | |a 1a. ed | ||
| 300 | |a 277 p | ||
| 942 | |c BK | ||
| 945 | |d 20150514 13:01:00 |a arojas | ||
| 260 | |a Santiago |b Ediciones Universidad Católica de Chile |c 2014 | ||
| 650 | 0 | |a Relaciones Internacionales |9 255740 | |
| 650 | 0 | |a Relaciones Exteriores |9 255379 | |
| 650 | 0 | |a Tratados internacionales |9 256056 | |
| 651 | 7 | |a CHILE |2 CL-VaPUC |9 579663 | |
| 651 | 0 | |a China |9 257545 | |
| 583 | |a last modification |c 20150514 13:01:00 |k Rodrigo Vera | ||
| 999 | |c 359116 |d 359114 | ||
| 952 | |0 0 |1 0 |3 erd |4 0 |6 327_510830000000000_LAB_2014 |7 0 |8 A |9 468151 |a BIBENE |b BIBENE |i 5149592 |o 327.51083 LAB 2014 |p 5149592 |r 2025-01-15 |w 2019-11-23 |y BK |z Catalogado en:20150514 |k ICO | ||